DISEASES OF THE EAR THROAT AND NOSE (Record no. 265559)

MARC details
000 -LEADER
fixed length control field 00363pam a2200145a 44500
008 - FIXED-LENGTH DATA ELEMENTS--GENERAL INFORMATION
fixed length control field 230405s xxu||||| |||| 00| 0 eng d
041 ## - LANGUAGE CODE
Language code of text/sound track or separate title ENG
100 ## - MAIN ENTRY--PERSONAL NAME
Personal name PALCHUN V T / VOZNESENSKY N L
245 ## - TITLE STATEMENT
Title DISEASES OF THE EAR THROAT AND NOSE
250 ## - EDITION STATEMENT
Edition statement 1986
260 ## - PUBLICATION, DISTRIBUTION, ETC.
Place of publication, distribution, etc. MOSCOW
Name of publisher, distributor, etc. MIR PUBLICATION MOSCOW
Date of publication, distribution, etc.
300 ## - PHYSICAL DESCRIPTION
Extent 264
650 ## - SUBJECT ADDED ENTRY--TOPICAL TERM
Topical term or geographic name entry element PHARMACOLOGY
906 ## - LOCAL DATA ELEMENT F, LDF (RLIN)
a 120
Holdings
Withdrawn status Lost status Damaged status Not for loan Collection Home library Current library Date acquired Source of acquisition Cost, normal purchase price Total Checkouts Full call number Barcode Date last seen Price effective from Koha item type
          College of Pharmacy, Kolhapur College of Pharmacy, Kolhapur 05/11/1998 DILIP BOOK AGENCY 95.00   616.2 PCK-339 14/04/2023 14/04/2023 Book